User-Centered Website Development : A Human-Computer Interaction Approach

Salvato in:
Dettagli Bibliografici
Autori principali: McCracken, Daniel D (Autore), Wolfe, Rosalee J. (Autore)
Natura: Libro
Lingua:inglese
Pubblicazione: Upper Saddle River : Pearson Education Limited, 2004
Tags: Aggiungi Tag
Nessun Tag, puoi essere il primo ad aggiungerne!!

MARC

LEADER 00000nam a22000003a 4500
001 stu125346
005 20150617225902.4
008 060904s2004----xxu-----------------eng-d
020 |a 0-13-041161-2 
040 |a STU  |b slo 
041 0 |a eng 
044 |a xxu 
100 1 |a McCracken, Daniel D  |4 aut 
245 1 |a User-Centered Website Development :  |b A Human-Computer Interaction Approach 
260 |a Upper Saddle River :  |b Pearson Education Limited,  |c 2004 
300 |a 305 s 
700 1 |a Wolfe, Rosalee J.  |4 aut 
996 |c I*12I5540  |l II680  |s A  |a 24  |w stu125346_0001